Learn question words French - Statistics

General Stats
  • This quiz has been taken 26 times
  • The average score is 6 of 8
Answer Stats
English French % Correct
Who Qui
95%
Where
86%
Why Pourquoi
86%
When Quand
86%
How Comment
76%
What Quoi
71%
Whom À qui
57%
Which Lequel
38%
No matching quizzes found
Score Distribution
Percent of People with Each Score
Percentile by Number Answered
Your Score History
You have not taken this quiz